Catalog

Record Details

Catalog Search



Christ Central Therapy : The Practical Integration of Theology and Psychology Cover Image Book Book

Christ Central Therapy : The Practical Integration of Theology and Psychology Neal T. Anderson ; Terry E. Zuehlke, Julianne S. Zuehlke

Anderson, Neal T. (Author). Zuehlke, Terry E. (Added Author). Zuehlke, Julianne S. (Added Author).

Record details

  • ISBN: 978-0-310-23113-4
  • Physical Description: 431 p.
  • Publisher: Grand Rapid, Michigan 49530 USA Zondervan 2000

Available copies

  • 1 of 1 copy available at Common Catalog SPOK.

Holds

  • 0 current holds with 1 total copy.
Show Only Available Copies
Location Call Number / Copy Notes Barcode Shelving Location Status Due Date
ETS Library 261.515 424470013029 Volný výběr Available -

LDR 00820nam a2 00265
00139768
003CZ-PrJAB
00520131218000000.0
008131218s2000 xxu e |||| |eng
009us
020 . ‡a978-0-310-23113-4
035 . ‡a(CONS)3922
035 . ‡aKPS14048
040 . ‡aABG450
041 . ‡aeng
08214. ‡a261.515
100 . ‡77622 ‡aAnderson, Neal T.
245 . ‡aChrist Central Therapy : ‡bThe Practical Integration of Theology and Psychology ‡cNeal T. Anderson ; Terry E. Zuehlke, Julianne S. Zuehlke
260 . ‡aGrand Rapid, Michigan 49530 USA ‡bZondervan ‡c2000
300 . ‡a431 p.
653 . ‡aChrist Central Therapy
700 . ‡77623 ‡aZuehlke, Terry E.
700 . ‡77624 ‡aZuehlke, Julianne S.
8524 . ‡bETS ‡bETS ‡cVolný výběr ‡j261.515 ‡gE ‡p424470013029
910 . ‡aABG450
999 . ‡a3922 ‡bAUTOGEN ‡c3922 ‡tbiblio
905 . ‡uadmin
901 . ‡a39768 ‡b ‡c39768 ‡tbiblio ‡sets

Additional Resources